000
00284nam a2200121Ia 4500
008
190216s9999||||xx |||||||||||||| ||und||
100
_a
Shilpakar
245
0
_a
Hindi-Yojanan-Swarth Jeevan Ka Shilpakar
260
_b
Rajadhani
_c
2005
300
_a
120
650
_a
Hindi
942
_c
BK
999
_c
16710
_d
16710